000 00329nam a2200133Ia 4500
005 20251222141853.0
008 251222s9999||||xx |||||||||||||| ||spa||
020 _a84-8280-100-7
082 _a869.634.4/G23C/1978
100 _aGarcía Márquez, Gabriel
245 0 _aCien años de Soledad
264 _bOveja Negra
942 _cLIB
999 _c7803
_d7803